000 01014nas a2200361 4500
001 BR0401793
003 BR-BrBNA
005 20231205104433.0
007 ta
008 230509b bl.|||p| |||| 00| 00por d
040 _aBR-BrBNA
_bpor
_cBiblioteca Nacional de Agricultura
041 _a(Pt)
072 _aN20; P40; E50
100 1 _aMinetti, L.J.
100 1 _aSouza, A.P. de
100 1 _aMachado, C.C.
100 1 _aBaêta, F. da C.
100 1 _aFiedler, N.C.
245 1 _aAnálise da influência de fatores climáticos no corte florestal com motosserra
650 _aSERRA ELÉTRICA
650 _aVENTO
650 _aTRABALHADOR RURAL
650 _aTEMPERATURA
650 _aVELOCIDADE
650 _aCORTE
650 _aCONDIÇÃO AMBIENTAL
650 _aANÁLISE
650 _aFLORESTA
650 _aSÃO PAULO
773 0 _tRevista Árvore (Brazil)
_xISSN 0100-6762
_g(1998), v. 22(4) p. 527-534
_wBR0401793
909 _a202311
_bLúcia
_c55
_dLúcia Elande
942 _2AGRIS
_n0
_cANA
999 _c178135
_d178135